Structural analysis (Record no. 546624)
[ view plain ]
| 000 -LEADER | |
|---|---|
| fixed length control field | 00560cam a2200193 a 4500 |
| 020 ## - INTERNATIONAL STANDARD BOOK NUMBER | |
| International Standard Book Number | 0127067078 |
| 082 ## - DEWEY DECIMAL CLASSIFICATION NUMBER | |
| Classification number | 624.171 |
| Author Mark | CHA |
| -- | D |
| 100 ## - MAIN ENTRY--PERSONAL NAME | |
| Personal name | Chajes, Alexander. |
| 9 (RLIN) | 38432 |
| 245 00 - TITLE STATEMENT | |
| Title | Structural analysis |
| Statement of responsibility, etc. | Chajes, Alexander. |
| 260 ## - PUBLICATION, DISTRIBUTION, ETC. | |
| Place of publication, distribution, etc. | Boston : |
| Name of publisher, distributor, etc. | Academic Press, |
| Date of publication, distribution, etc. | 1990. |
| 300 ## - PHYSICAL DESCRIPTION | |
| Extent | xx, 385 p. : |
| Other physical details | ill. ; |
| Dimensions | 24 cm. |
| 490 1# - SERIES STATEMENT | |
| Series statement | Glass--science and technology ; |
| 526 ## - STUDY PROGRAM INFORMATION NOTE | |
| Program name | 0 |
| Interest level | 0 |
| Reading level | 0 |
| Title point value | 624_171000000000000_CHA |
| 650 #0 - SUBJECT ADDED ENTRY--TOPICAL TERM | |
| Topical term or geographic name entry element | Glass. |
| 9 (RLIN) | 42787 |
| 650 #0 - SUBJECT ADDED ENTRY--TOPICAL TERM | |
| Topical term or geographic name entry element | MCE |
| 9 (RLIN) | 379 |
| 700 1# - ADDED ENTRY--PERSONAL NAME | |
| Personal name | Kreidl, N. J. |
| 9 (RLIN) | 42788 |
| 700 1# - ADDED ENTRY--PERSONAL NAME | |
| Personal name | Uhlmann, D. R. |
| 9 (RLIN) | 42789 |
| 942 ## - ADDED ENTRY ELEMENTS (KOHA) | |
| Source of classification or shelving scheme | |
| Koha item type | Book |
| Withdrawn status | Lost status | Source of classification or shelving scheme | Damaged status | Not for loan | Permanent Location | Current Location | Date acquired | Total Checkouts | Total Renewals | Full call number | Barcode | Date last seen | Date last checked out | Price effective from | Koha item type |
|---|---|---|---|---|---|---|---|---|---|---|---|---|---|---|---|
| Military College of Engineering (MCE) | Military College of Engineering (MCE) | 06/17/2014 | 7 | 6 | 624.171 CHA | MCE-39295 | 05/29/2019 | 03/28/2019 | 06/17/2014 | Book |
